000
00309nam a22001217a 4500
005
20251002125749.0
008
251002b |||||||| |||| 00| 0 eng d
040
_c
PK-LaNCA
082
_a
721.04496
_b
MAD
245
_a
MADE of light: the art of light and architecture
650
_a
Architecture
942
_c
BK
999
_c
66764
_d
66764